00725nam a2200217 a 450000100100000000500170001000800410002702000150006804000250008308200220010810000250013024500840015525000110023926000390025030000200028949000140030970000260032383000210034995201200037099900170049000003460720200930073807.0111010s1998 sp 000 0 spa d a8489680906 aDO-SdBNPbspacBNPHU axxxxbF995e, 19981 aFuster, Lewis96004810aElimine las preocupaciones y sea feliz. /cLewis Fuster; traducción Gema Gil. a2a ed. aEspaña :bFapa Ediciones,c1998. a63 p. ;c23 cm.1 aAutoayuda1 aGil, Gemaetr.960049 0aAutoayuda955295 001050718MOaGRbGRcCTd2011-10-10iLF1l0oxxxx F995e, 1998p34607-10r2020-06-25w2020-06-25y1ZNo se presta c34098d34098